Statistiken für Bekannte Persönlichkeiten aus Rheinland-Pfalz

Klicken Sie hier um das Quiz zu spielen!

Allgemein

  • Dieses Quiz wurde 86 mal gespielt
  • Das Durchschnittsergebnis liegt bei 9 aus 20

Antwortstatistiken

GeburtsjahrGeburtsortHinweisPerson% Korrekt
um 1400MainzErfinder des BuchdrucksJohannes Gutenberg
99%
1930Ludwigshafen am Rheinvon 1982 bis 1998 sechster BundeskanzlerHelmut Kohl
90%
1818TrierAutor des Kommunistischen ManifestsKarl Marx
90%
1963TrierSänger, 1998 mit "Guildo hat euch lieb" beim ESCGuildo Horn
78%
1920 / 1924KaiserslauternBrüder, Fußballer, Weltmeister 1954Fritz & Ottmar Walter
76%
1098Bermersheim vor der Höhe oder NiederhosenbachOrdensschwester und Universalgelehrte, später heiliggesprochenHildegard von Bingen
76%
1963Mörz (Münstermaifeld)Sänger von Modern TalkingThomas Anders
74%
1882Neustadt an der Haardt (Weinstraße)Physiker, entwickelte ein nach ihm benanntes StrahlenmessgerätHans Geiger
45%
1932Vogelbach (Bruchmühlbach-Miesau)Fußballer, letzter lebender Weltmeister von 1954Horst Eckel
41%
1962Kaiserslauternehemaliger Fußballschiedsrichter, 3-maliger Weltschiedsrichter des JahresMarkus Merk
41%
1944RockenhausenSängerin, nahm 1975 mit "Ein Lied kann eine Brücke sein" am ESC teilJoy Fleming
27%
1949Bingen am RheinSchlagersängerin ("Arizona Man", "Aufrecht geh’n")Mary Roos
27%
1962KaiserslauternModeratorin von Formel Eins (Musiksendung)Stefanie Tücking
24%
1998MainzZehnkämpfer, jüngster Zehnkampf-Weltmeister der GeschichteNiklas Kaul
23%
1896NackenheimSchriftsteller ("Der Hauptmann von Köpenick ", "Der fröhliche Weinberg")Carl Zuckmayer
18%
1971MainzSchauspielerin ("Mord mit Aussicht", "Der Vorname")Caroline Peters
17%
1778Ehrenbreitstein (Koblenz)Schriftsteller der Heidelberger Romantik ("Godwi", "Des Knaben Wunderhorn")Clemens Brentano
13%
1900MainzSchriftstellerin ("Transit", "Drei Frauen aus Haiti")Anna Seghers
10%
1879Pfaffendorf (Koblenz)Physiker, erhielt 1914 den Nobelpreis für die Forschung zur Beugung von Röntgenstrahlen an KristallMax von Laue
9%
1860TrierErzählerin, Dramatikerin und Feuilletonistin des NaturalismusClara Viebig
6%

Verteilung der Resultate

Perzentil nach korrekt beantworteten Fragen

Anzahl Personen mit jedem Resultat

Ihre Resultats-Entwicklung

Sie haben dieses Quiz noch nicht gespielt